00407nam a2200145Ia 4500008004100000020001500041041001200056082001600068100001800084245009300102260002500195300000800220650001600228700001700244221030s9999 xx 000 0 und d a8120313542 aEnglish a105.23bFos aL. D. Fosdick 3aAn Introduction to High Performance Scientific Computingcby L. D. Fosdick, E. R. Jessup bPHIaNew Delhic1998 a760 aBE Computer aE. R. Jessup